Sexualidad...mucho más que sexo una guía para mantener una sexualidad saludable (Registro nro. 36894)

Detalles MARC
000 -ENCABEZADO
Número de control [NR] 00827nam a2200217Ia 4500
008 - DE LONGITUD FIJA DE DATOS DE ELEMENTOS - INFORMACIÓN GENERAL
Elementos de longitud fija [NR] 130821s2007 ck a gr spa
020 ## - NUMERO INTERNACIONAL NORMALIZADO PARA LIBROS [R]
Número Internacional Normalizado del libro [NR] 9789586952859
040 ## - FUENTE DE CATALOGACION [NR]
Agencia de catalogación original [NR] Co-BoUCM
Idioma de catalogación [NR] spa
041 00 - CODIGO DE IDIOMA [R]
Código de idioma para texto/pista de sonido o título separado [R] Español
100 1# - ASIENTO PRINCIPAL--NOMBRE PERSONAL [NR]
Nombre personal [NR] Vargas-Trujillo, Elvia
ID Autoridad 100463
245 10 - MENCION DE TITULO [NR]
Título [NR] Sexualidad...mucho más que sexo una guía para mantener una sexualidad saludable
Mención de responsabilidad, etc. [NR] Elvia Vargas-Trujillo.
260 ## - PUBLICACION, DISTRIBUCION, ETC. (PIE DE IMPRENTA) [R]
Lugar de publicación, distribución, etc. [R] Bogotá (Colombia)
Nombre del editor, distribuidor, etc. [R] Ediciones Uniandes
Fecha de publicación, distribución, etc. [R] 2007
300 ## - DESCRIPCION FISICA [R]
Extensión [R] xlii, 251 páginas
Otros detalles físicos [NR] gráficas
650 04 - ASIENTO SECUNDARIO DE MATERIA - TERMINO TEMATICO [R]
Término temático o nombre geográfico como elemento de entrada [NR] Educación sexual
9 (RLIN) 13871
650 04 - ASIENTO SECUNDARIO DE MATERIA - TERMINO TEMATICO [R]
Término temático o nombre geográfico como elemento de entrada [NR] Psicología
9 (RLIN) 8001
650 04 - ASIENTO SECUNDARIO DE MATERIA - TERMINO TEMATICO [R]
Término temático o nombre geográfico como elemento de entrada [NR] Sexo (Psicología)
9 (RLIN) 24360
650 04 - ASIENTO SECUNDARIO DE MATERIA - TERMINO TEMATICO [R]
Término temático o nombre geográfico como elemento de entrada [NR] Sexualidad
9 (RLIN) 24368
710 1# - ASIENTO SECUNDARIO - NOMBRE CORPORATIVO [R]
Nombre corporativo o de jurisdicción como elemento de entrada [NR] Universidad de los Andés.
Unidad subordinada [R] Facultad de Ciencias Sociales.
-- Departamento de Psicología
9 (RLIN) 159204
942 ## - ELEMENTOS DE ENTRADA AGREGADOS (KOHA)
Tipo de ítem principal el descrito en 300a Libro
Tema principal Psicología
Edición 1
Parte restante de la signatura top. V297s
Sistema de clasificación DEWEY
Clasificación 155.3
Título oculto en OPAC No
Existencias
Fecha de último préstamo Total préstamos Total Renewals Signatura topográfica Código de barras Última vez visto Ejemplar Price effective from Tipo de ítem Nota pública (OPAC) Perdido Sistema de clasificación Dañado No prestable Tipo de ítem específico Suprimido Ubicación habitual Ubicación actual Localización Fecha de creación Forma de adquisición Costo
11/02/2022 12 8 155.3 V297s 100119472 11/12/2025 Ej.1 03/02/2013 Libro Spot Psicología & Psiquiatría   DEWEY     Libro   Quinta de Mutis Quinta de Mutis 3er piso 28/02/2012 Compra 65000.00